|
|
|
|
| LEADER |
00000cam a2200000 a 4500 |
| 001 |
vtls008913482 |
| 003 |
SK-MaSNL |
| 005 |
20260301124639.0 |
| 008 |
230501s1972 xr a f npi 000 0 cze |
| 015 |
|
|
|a SNBA1972
|
| 020 |
|
|
|q (viaz.)
|
| 035 |
|
|
|a urn:nbn:sk:snk-am00igta
|
| 035 |
|
|
|a 4AFA2F7C-CDA4-4178-B375-B60BB1D0BEC7
|
| 040 |
|
|
|a SNK
|b slo
|c SNK
|e AACR2
|
| 041 |
0 |
|
|a cze
|
| 044 |
|
|
|a xr
|c CZ
|a xo
|c SK
|
| 072 |
|
7 |
|a 517
|x Matematická analýza
|2 konspekt
|
| 080 |
|
|
|a 517.442
|2 2001
|
| 080 |
|
|
|a 621.3
|2 2001
|
| 080 |
|
|
|a (075.8)
|2 2001
|
| 100 |
1 |
|
|a Pírko, Zdeněk,
|d 1909-1983
|4 aut
|9 297825
|
| 245 |
1 |
0 |
|a Laplaceova transformace
|b základy teorie a užití v elektrotechnice
|c Zdeněk Pírko, Jan Veit
|
| 250 |
|
|
|a 2. opr. vyd.
|
| 260 |
|
|
|a Praha
|b Státní nakladatelství technické literatury
|a Bratislava
|b Alfa
|c 1972
|
| 300 |
|
|
|a 245 s.
|b ilustr.
|c 8°
|
| 366 |
|
|
|e 4200 výtl.
|
| 504 |
|
|
|a Obsahuje bibliografiu a register
|
| 650 |
0 |
7 |
|a Laplaceova transformácia
|2 SNKPH
|9 50100
|
| 650 |
0 |
7 |
|a elektrotechnika
|2 SNKPH
|9 3619
|
| 655 |
|
7 |
|a učebnice vysokých škôl
|2 SNKPH
|9 70191
|
| 700 |
1 |
|
|a Veit, Jan,
|d 1928-
|4 aut
|9 383800
|
| 852 |
|
|
|a Slovenská národná knižnica
|
| 954 |
|
|
|a odborná, vedecká literatúra cudzojazyčná (svetová)
|2 lita
|
| 958 |
|
|
|a OND
|
| 958 |
|
|
|a EUIPO
|
| 999 |
|
|
|c 740021
|d 741951
|
| 952 |
|
|
|a SNK
|b SNK
|y VYP
|7 0
|p 17A0527154
|o snkSC 29875 D1
|i snkKIP 8270/72
|3 rekatalogizácia
|0 0
|1 0
|4 0
|d 2006-11-07
|l 0
|r 2026-02-23 22:56:32
|w 2026-02-23
|
| 952 |
|
|
|a SNK
|b SNK
|y PREZ
|7 0
|p 17A0970255
|o snkSC 29875
|i snkKIP 8269/72
|0 0
|1 0
|4 0
|d 2012-09-25
|f 1
|l 0
|r 2025-09-18 00:00:00
|w 2026-02-23
|